| 000 | 00678 a2200253 4500 | ||
|---|---|---|---|
| 001 | 200424231 | ||
| 999 |
_c200424231 _d5488 |
||
| 003 | TR-AnTOB | ||
| 005 | 20200601162942.0 | ||
| 008 | 160415b tu 000 0 | ||
| 020 | _a9789944106917 | ||
| 040 |
_aTR-AnTOB _btur _erda |
||
| 041 | 0 | _atur | |
| 050 |
_aTS1200.A2. _bO48 2015 |
||
| 090 | _aTS1200.A2. O48 2015 | ||
| 245 | 1 | 0 |
_aOluklu mukavva el kitabı / _cSanayiciler Derneği. |
| 264 |
_aAnkara : _bSanayiciler Derneği, _c2015. |
||
| 300 |
_a187 p. : _bill. ; _c24 cm. |
||
| 336 |
_atext _2rdacontent |
||
| 337 |
_aunmediated _2rdamedia |
||
| 338 |
_avolume _2rdacarrier |
||
| 650 | 0 | 0 |
_aPaper box industry _9113451 |
| 942 | _cBK | ||